[Event "Bratto Gorgonzola op-B"]
[Site "Bratto"]
[Date "2006.08.22"]
[Round "3"]
[White "Bonotto, Giorgio"]
[Black "Roversi, Stefano"]
[Result "0-1"]
[WhiteElo "1918"]
[BlackElo "1857"]
[PlyCount "32"]
[EventDate "2006.08.20"]
[EventType "swiss"]
[EventRounds "8"]
[EventCountry "ITA"]
[SourceTitle "EXT 2008"]
[Source "ChessBase"]
[SourceDate "2007.11.25"]
[SourceVersion "1"]
[SourceVersionDate "2007.11.25"]
[SourceQuality "1"]

1. e4 c5 2. Nf3 Nc6 3. d4 cxd4 4. Nxd4 a6 5. c4 e6 6. Nc2 Nf6 7. Nc3 Be7 8. Be3 0-0 9. Be2 Qa5 10. 0-0 Rd8 11. a3 Ne8 12. b4 Qe5 13. Na4 d5 14. exd5 exd5 15. Bd4 Nxd4 16. Qxd4 Qxe2 0-1